[Event "Prague Chess Festival"]
[Site "Prague CZE"]
[Date "2023.06.27"]
[Round "6.4"]
[White "Vincent Keymer"]
[Black "Haik M Martirosyan"]
[Result "1/2-1/2"]
[EventDate "2023.06.21"]
[WhiteElo "2690"]
[BlackElo "2685"]
[PlyCount "76"]

1. d4 Nf6 2. c4 e6 3. Nc3 d5 4. cxd5 exd5 5. Bg5 c6 6. e3 Be7 7. Bd3 O-O 8. h3 Re8 9. Qc2 h6 10. Bf4 Bd6 11. Bxd6 Qxd6 12. Nf3 Nbd7 13. O-O-O b5 14. Kb1 a5 15. Rhe1 Bb7 16. Nd2 Qb4 17. g4 Nb6 18. g5 hxg5 19. Rg1 Nc4 20. Bxc4 bxc4 21. Rxg5 Re7 22. Rdg1 Ne8 23. Nf3 a4 24. a3 Qb3 25. Qxb3 axb3 26. Kc1 f6 27. R5g3 Nd6 28. Nh4 Bc8 29. Ng6 Rf7 30. Kd2 Bf5 31. Nf4 Kh7 32. h4 Re7 33. h5 Bc2 34. R3g2 Be4 35. Rh2 Bc2 36. Ng6 Rb7 37. Nf4 Re7 38. Ng6 1/2-1/2

[Event "Prague Chess Festival"]
[Site "Prague CZE"]
[Date "2023.06.25"]
[Round "5.2"]
[White "Sam Shankland"]
[Black "Vincent Keymer"]
[Result "1/2-1/2"]
[EventDate "2023.06.21"]
[WhiteElo "2711"]
[BlackElo "2690"]
[PlyCount "76"]

1. d4 Nf6 2. c4 e6 3. Nc3 Bb4 4. e3 O-O 5. Bd3 d5 6. cxd5 exd5 7. a3 Bd6 8. Qc2 c6 9. Nge2 Re8 10. Bd2 Nbd7 11. O-O b6 12. Ng3 c5 13. e4 Bxg3 14. fxg3 c4 15. Be2 Nxe4 16. Nxe4 dxe4 17. Qxc4 Nf6 18. Bg5 Be6 19. Qa4 Qd5 20. Bxf6 gxf6 21. Rxf6 Rad8 22. Rd1 Qb3 23. Qb5 Qe3+ 24. Kf1 Re7 25. Rf4 Rd5 26. Qc4 Rc5 27. Qb4 Rc2 28. Re1 Rec7 29. d5 Rxe2 30. Rxe2 Rc1+ 31. Re1 a5 32. Qc3 Rxc3 33. Rxe3 Rxe3 34. dxe6 fxe6 35. Rf6 Rb3 36. Rxe6 e3 37. Ke2 a4 38. Rxe3 1/2-1/2

[Event "Prague Chess Festival"]
[Site "Prague CZE"]
[Date "2023.06.24"]
[Round "4.5"]
[White "Vincent Keymer"]
[Black "David Navara"]
[Result "1/2-1/2"]
[EventDate "2023.06.21"]
[WhiteElo "2690"]
[BlackElo "2689"]
[PlyCount "200"]

1. Nf3 c5 2. e3 Nf6 3. d4 d5 4. Be2 Nc6 5. c3 e6 6. O-O Qc7 7. Nbd2 Bd6 8. dxc5 Bxc5 9. b4 Bd6 10. b5 Ne5 11. c4 Nxf3+ 12. Nxf3 e5 13. cxd5 e4 14. Nd2 Bxh2+ 15. Kh1 O-O 16. Ba3 Bd6 17. Rc1 Qd8 18. Bxd6 Qxd6 19. Nc4 Qc5 20. Ne5 Qxd5 21. Qxd5 Nxd5 22. Nc4 Rd8 23. Rfd1 Be6 24. Na5 Nb4 25. Nxb7 Rxd1+ 26. Rxd1 Nxa2 27. Bf1 Nc3 28. Ra1 Bd5 29. Nd6 g6 30. Rc1 Na4 31. Rc8+ Rxc8 32. Nxc8 Kf8 33. Nxa7 Ke7 34. Nc6+ Bxc6 35. bxc6 Nb2 36. Bb5 Kd6 37. g4 Nd1 38. Kg2 Nc3 39. Ba6 Kxc6 40. Bc4 f6 41. Bg8 h6 42. Bh7 g5 43. Bg6 Kd5 44. Bf7+ Ke5 45. Bg6 Nb5 46. Bh7 Nd6 47. Kh3 Ke6 48. Bg8+ Ke5 49. Bh7 Nc4 50. Kg2 Nd2 51. Kg3 Kd5 52. Bg8+ Kc5 53. Kg2 Kb4 54. Bd5 Kc3 55. Bc6 Kc4 56. Kg3 Kc5 57. Be8 Kd6 58. Bg6 Ke6 59. Bf5+ Ke5 60. Bh7 Nc4 61. Kg2 Nb6 62. Kg3 Nd7 63. Bf5 Nf8 64. Bc8 Ne6 65. Kh3 Ng7 66. Bb7 f5 67. gxf5 Ne8 68. Bc8 Nd6 69. Bd7 h5 70. Kh2 g4 71. Kg2 Nxf5 72. Be8 Ng7 73. Bc6 h4 74. Bd7 Nf5 75. Bc6 Nh6 76. Bd7 Kf6 77. Bc6 Kf5 78. Bd7+ Ke5 79. Kh2 Kd5 80. Kg1 Kc4 81. Bc6 Kd3 82. Bb5+ Kd2 83. Bc6 Kd3 84. Bb5+ Kd2 85. Bc6 Ke2 86. Bxe4 h3 87. Bd5 h2+ 88. Kg2 h1=B+ 89. Kxh1 Kxf2 90. Be6 g3 91. Bh3 Nf5 92. e4 Nh4 93. e5 Ng6 94. Bg2 Nxe5 95. Bf1 Ng6 96. Bg2 Nh4 97. Bh3 Nf3 98. Bg2 Nh2 99. Bh3 Nf1 100. Bxf1 Kxf1 1/2-1/2

[Event "Prague Chess Festival"]
[Site "Prague CZE"]
[Date "2023.06.23"]
[Round "3.1"]
[White "Vincent Keymer"]
[Black "Pentala Harikrishna"]
[Result "1/2-1/2"]
[EventDate "2023.06.21"]
[WhiteElo "2690"]
[BlackElo "2704"]
[PlyCount "90"]

1. d4 Nf6 2. c4 e6 3. Nc3 d5 4. cxd5 exd5 5. Bg5 c6 6. e3 Bf5 7. Qb3 Qb6 8. Bxf6 gxf6 9. Kd2 Nd7 10. Bd3 Bxd3 11. Kxd3 Rg8 12. g3 f5 13. Nf3 Qa6+ 14. Kc2 Nf6 15. Ne5 Ne4 16. Nd3 h5 17. Rad1 Bd6 18. Kb1 O-O-O 19. Qc2 Kb8 20. Ne2 Qc4 21. Nc3 h4 22. Rc1 hxg3 23. hxg3 Rh8 24. Ne2 Rde8 25. a3 Reg8 26. Rcd1 Rc8 27. Rc1 Rcg8 28. Rcf1 Rc8 29. Rd1 a5 30. a4 Ka7 31. Rc1 Rce8 32. Rxh8 Rxh8 33. Ng1 Qxc2+ 34. Kxc2 b6 35. Nf3 c5 36. Rf1 Kb7 37. Nc1 cxd4 38. Nxd4 Rh2 39. Nd3 Nxg3 40. Rg1 Ne4 41. Nxf5 Nxf2 42. Rg7 Nxd3+ 43. Kxd3 Bc5 44. Rxf7+ Kc6 45. b3 1/2-1/2

[Event "Prague Chess Festival"]
[Site "Prague CZE"]
[Date "2023.06.22"]
[Round "2.5"]
[White "Thai Dai Van Nguyen"]
[Black "Vincent Keymer"]
[Result "1/2-1/2"]
[EventDate "2023.06.21"]
[WhiteElo "2653"]
[BlackElo "2690"]
[PlyCount "62"]

1. e4 e5 2. Nf3 Nc6 3. Bb5 a6 4. Ba4 Nf6 5. O-O Be7 6. Re1 b5 7. Bb3 O-O 8. a4 b4 9. d3 d6 10. c3 Rb8 11. Nbd2 Na5 12. Ba2 c5 13. Nc4 Nc6 14. h3 h6 15. d4 cxd4 16. cxd4 Nxd4 17. Nxd4 exd4 18. e5 dxe5 19. Nxe5 Bb7 20. Bf4 Rc8 21. Ng6 Re8 22. Nxe7+ Rxe7 23. Rxe7 Qxe7 24. Qxd4 Rd8 25. Qe3 Qd7 26. Qc5 b3 27. Bxb3 Bxg2 28. Kxg2 Qb7+ 29. Kh2 Qxb3 30. Rg1 Qxb2 31. Bxh6 1/2-1/2

[Event "TePe Sigeman & Co"]
[Site "Malmo SWE"]
[Date "2023.05.09"]
[Round "6"]
[White "Jorden van Foreest"]
[Black "Vincent Keymer"]
[Result "1/2-1/2"]
[EventDate "2023.05.04"]
[WhiteElo "2680"]
[BlackElo "2700"]
[PlyCount "62"]

1. d4 Nf6 2. c4 e6 3. Nc3 Bb4 4. f3 d5 5. a3 Be7 6. e4 dxe4 7. Bf4 Bd6 8. Bxd6 cxd6 9. fxe4 O-O 10. Nf3 Nc6 11. Qc2 e5 12. O-O-O exd4 13. Nxd4 Ng4 14. Qd2 Be6 15. Kb1 Qb6 16. h3 Nge5 17. Nf5 Qb3 18. Nd5 Na5 19. Rc1 Naxc4 20. Bxc4 Nxc4 21. Qd4 Nxa3+ 22. Ka1 Bxf5 23. Ne7+ Kh8 24. Nxf5 f6 25. bxa3 Qxa3+ 26. Kb1 Qb3+ 27. Qb2 Qd3+ 28. Qc2 Qb5+ 29. Qb2 Qd3+ 30. Qc2 Qb5+ 31. Qb2 1/2-1/2

[Event "TePe Sigeman & Co Chess"]
[Site "Malmo SWE"]
[Date "2023.05.08"]
[Round "5"]
[White "Vincent Keymer"]
[Black "P Svidler"]
[Result "1/2-1/2"]
[EventDate "2023.05.04"]
[WhiteElo "2700"]
[BlackElo "2683"]
[PlyCount "70"]

1. Nf3 c5 2. c4 Nc6 3. Nc3 e5 4. d3 Nge7 5. Nd5 d6 6. a3 b5 7. e3 Rb8 8. Be2 Be6 9. Nc3 bxc4 10. dxc4 Nc8 11. Nd2 Nb6 12. O-O Be7 13. Bf3 Na5 14. Nd5 Nxd5 15. Bxd5 Bxd5 16. cxd5 O-O 17. Qa4 c4 18. b4 cxb3 19. Bb2 Qb6 20. Bc3 Bd8 21. Bb4 Qb5 22. Qxb5 Rxb5 23. Bxd6 Re8 24. Rfb1 Nb7 25. a4 Rxd5 26. Bb4 a5 27. Bc3 Rd3 28. Rxb3 Nc5 29. Rba3 Nxa4 30. Rxa4 Rxc3 31. Nc4 h5 32. Nxa5 Bxa5 33. Rxa5 f6 34. h4 Rec8 35. Ra8 1/2-1/2

[Event "TePe Sigeman & Co"]
[Site "Malmo SWE"]
[Date "2023.05.07"]
[Round "4"]
[White "Boris Gelfand"]
[Black "Vincent Keymer"]
[Result "1/2-1/2"]
[EventDate "2023.05.04"]
[WhiteElo "2678"]
[BlackElo "2700"]
[PlyCount "80"]

1. d4 Nf6 2. c4 e6 3. Nc3 Bb4 4. e3 O-O 5. Bd3 d5 6. Nf3 dxc4 7. Bxc4 c5 8. O-O cxd4 9. exd4 b6 10. Qe2 Bb7 11. Rd1 Nbd7 12. d5 exd5 13. Nxd5 Re8 14. Qc2 Nxd5 15. Bxd5 Bxd5 16. Rxd5 Qe7 17. Bg5 Qe6 18. Rad1 Nf8 19. Be3 Be7 20. Qa4 Bf6 21. b3 Qc8 22. h3 Qb7 23. Qg4 Rad8 24. Rxd8 Rxd8 25. Rxd8 Bxd8 26. Qc4 b5 27. Qc5 a6 28. Ne5 Be7 29. Qc6 Qxc6 30. Nxc6 Bd6 31. Kf1 f5 32. Ke2 Kf7 33. Kd3 Ng6 34. a4 Ne5+ 35. Nxe5+ Bxe5 36. axb5 axb5 37. Bd4 Bc7 38. Kc3 Ba5+ 39. Kd3 Bc7 40. Kc3 Ba5+ 1/2-1/2

[Event "Tepe Sigeman & Co"]
[Site "Malmo SWE"]
[Date "2023.05.06"]
[Round "3"]
[White "Vincent Keymer"]
[Black "Abhimanyu Mishra"]
[Result "0-1"]
[EventDate "2023.05.04"]
[WhiteElo "2700"]
[BlackElo "2550"]
[PlyCount "110"]

1. c4 c6 2. Nf3 d5 3. e3 Nf6 4. d4 e6 5. Nbd2 Be7 6. b3 O-O 7. Bb2 Nbd7 8. Bd3 b6 9. e4 dxe4 10. Nxe4 Bb7 11. Qe2 c5 12. O-O-O Qc7 13. Kb1 Nxe4 14. Bxe4 Nf6 15. Bc2 cxd4 16. Nxd4 Rad8 17. f3 a6 18. g4 Bc5 19. Rd3 b5 20. Rhd1 bxc4 21. bxc4 Bxd4 22. Rxd4 Rxd4 23. Rxd4 Rb8 24. g5 Qb6 25. Qe5 Bxf3 26. Rd6 Qg1+ 27. Rd1 Qb6 28. Rd3 Qg1+ 29. Bd1 Rc8 30. Qc7 Re8 31. Rd2 Bxd1 32. gxf6 Bh5+ 33. Bc1 Bg6+ 34. Kb2 gxf6 35. h4 Kg7 36. c5 Qg4 37. Qb7 Qf4 38. Ka3 Qc4 39. Bb2 Qxc5+ 40. Qb4 Rc8 41. Rd6 a5 42. Qxc5 Rxc5 43. Bd4 Rc4 44. Kb3 Bd3 45. h5 a4+ 46. Ka3 Be2 47. h6+ Kxh6 48. Bxf6 Kg6 49. Be7 h5 50. Rd8 Kg7 51. Bf8+ Kh7 52. Be7 h4 53. Bf6 Kg6 54. Be7 h3 55. Rh8 Bg4 0-1

[Event "TePe Sigeman & Co Chess"]
[Site "Malmo SWE"]
[Date "2023.05.04"]
[Round "1.4"]
[White "Vincent Keymer"]
[Black "Nils Grandelius"]
[Result "1/2-1/2"]
[EventDate "2023.05.04"]
[WhiteElo "2700"]
[BlackElo "2660"]
[PlyCount "82"]

1. d4 d5 2. c4 c6 3. Nf3 Nf6 4. e3 Bf5 5. Nc3 e6 6. Nh4 Be4 7. f3 Bg6 8. Qb3 Qc7 9. Bd2 a5 10. cxd5 Nxd5 11. g3 Be7 12. Nxg6 hxg6 13. Kf2 Nd7 14. Be2 N5f6 15. Kg2 e5 16. dxe5 Nc5 17. Qc2 Qxe5 18. Rad1 g5 19. h3 Rd8 20. Bc1 Rxd1 21. Bxd1 Nd5 22. Nxd5 Qxd5 23. Be2 Qe5 24. b3 g4 25. Qb2 gxf3+ 26. Bxf3 Nd3 27. Qxe5 Nxe5 28. Be2 Bd6 29. Bb2 Ke7 30. Rd1 f6 31. Bxe5 Bxe5 32. Bg4 Rd8 33. Rxd8 Kxd8 34. Bf5 Ke7 35. Kf3 Kd6 36. g4 g5 37. Ke4 Kc5 38. Bc8 b6 39. Bd7 Bb2 40. Kd3 Kd5 41. Be8 1/2-1/2

[Event "Bundesliga 2022/23"]
[Site "Viernheim GER"]
[Date "2023.04.30"]
[Round "15.2"]
[White "Vincent Keymer"]
[Black "Robin Swinkels"]
[Result "1-0"]
[EventDate "?"]
[WhiteElo "2700"]
[BlackElo "2513"]
[PlyCount "60"]

1. c4 e6 2. Nc3 d5 3. d4 Nf6 4. cxd5 exd5 5. Bg5 c6 6. e3 h6 7. Bh4 Be7 8. Bd3 O-O 9. Nge2 Ne8 10. Bg3 Nd6 11. O-O Bf5 12. f3 Bxd3 13. Qxd3 Nc4 14. b3 Nb6 15. Rad1 a5 16. e4 Na6 17. Bf2 a4 18. Ng3 axb3 19. axb3 Qd7 20. Nf5 Nc7 21. Ne2 Ne6 22. Neg3 Ra3 23. Be3 Bg5 24. e5 Nc4 25. Bxg5 hxg5 26. Qb1 Na5 27. Nh5 Rxb3 28. Qa2 Qc7 29. Nfxg7 Qb6 30. Qc2 1-0

[Event "Bundesliga 2022/23"]
[Site "Viernheim GER"]
[Date "2023.04.29"]
[Round "14.1"]
[White "Yuriy Kryvoruchko"]
[Black "Vincent Keymer"]
[Result "1/2-1/2"]
[EventDate "?"]
[WhiteElo "2658"]
[BlackElo "2700"]
[PlyCount "60"]

1. e4 e5 2. Nf3 Nc6 3. Bb5 a6 4. Ba4 Nf6 5. O-O Bc5 6. c3 b5 7. Bb3 d6 8. d4 Bb6 9. Be3 O-O 10. Nbd2 Re8 11. h3 h6 12. Bc2 Rb8 13. Re1 Bb7 14. a3 exd4 15. cxd4 Ne7 16. b4 Ng6 17. Qb1 Qe7 18. d5 Bxe3 19. Rxe3 c6 20. dxc6 Bxc6 21. Qb2 Rbc8 22. Rae1 Bd7 23. e5 Nxe5 24. Nxe5 dxe5 25. Rxe5 Qd6 26. Rxe8+ Bxe8 27. Ne4 Nxe4 28. Bxe4 Bc6 29. Rc1 Qe6 30. Bxc6 1/2-1/2

[Event "Satty Zhuldyz Blitz"]
[Site "chess24.com"]
[Date "2023.04.25"]
[Round "12"]
[White "Alexander Grischuk"]
[Black "Vincent Keymer"]
[Result "1-0"]
[EventDate "?"]
[WhiteElo "2727"]
[BlackElo "2651"]
[PlyCount "126"]

1. Nf3 d5 2. g3 Bg4 3. Bg2 c6 4. h3 Bh5 5. O-O Nd7 6. d4 Ngf6 7. c4 e6 8. cxd5 exd5 9. Ne5 Ne4 10. Nd2 f5 11. Nxe4 fxe4 12. Bf4 Be7 13. f3 exf3 14. exf3 O-O 15. Qd2 Nxe5 16. Bxe5 Qb6 17. f4 Bf6 18. Rae1 Rae8 19. Kh2 Bg6 20. g4 Be4 21. Bxe4 dxe4 22. Rxe4 Qb5 23. Rfe1 Qd5 24. b3 Bxe5 25. Rxe5 Rxe5 26. Rxe5 Qf3 27. f5 h5 28. Qe3 hxg4 29. Qxf3 gxf3 30. Kg3 Kf7 31. Kxf3 Rd8 32. Re4 Rd5 33. Kg4 a6 34. h4 Ra5 35. a4 Rd5 36. h5 Kf6 37. Re6+ Kf7 38. Re4 Kf6 39. Re6+ Kf7 40. Kg5 Rxd4 41. h6 Rd1 42. hxg7 Rg1+ 43. Kf4 Rxg7 44. Rd6 Ke8 45. Rd3 Rg1 46. Ke5 Ke7 47. f6+ Ke8 48. Kd6 Rf1 49. Kc7 b5 50. Rd6 c5 51. Rxa6 c4 52. bxc4 bxc4 53. Rc6 c3 54. Rxc3 Rxf6 55. Re3+ Kf7 56. a5 Kg6 57. Rd3 Rf7+ 58. Rd7 Rf1 59. a6 Ra1 60. Kb7 Rb1+ 61. Kc8 Rc1+ 62. Rc7 Rb1 63. a7 1-0

[Event "Satty Zhuldyz Blitz"]
[Site "chess24.com"]
[Date "2023.04.25"]
[Round "13"]
[White "Vincent Keymer"]
[Black "Jakhongir Vakhidov"]
[Result "1/2-1/2"]
[EventDate "?"]
[WhiteElo "2651"]
[BlackElo "2568"]
[PlyCount "82"]

1. Nf3 c5 2. c4 g6 3. g3 Bg7 4. Bg2 Nc6 5. Nc3 d6 6. b3 e5 7. O-O Nge7 8. Bb2 O-O 9. d3 h6 10. e3 Be6 11. a3 d5 12. cxd5 Nxd5 13. Ne4 b6 14. Qc2 Rc8 15. Rac1 Qe7 16. Rfe1 Rfd8 17. Qb1 f6 18. Ned2 Qf7 19. Nc4 Nde7 20. Ba1 Bf5 21. Rc3 b5 22. Nb2 Na5 23. Nd1 Be6 24. b4 cxb4 25. axb4 Nac6 26. Rc5 a6 27. d4 exd4 28. Nxd4 Nxd4 29. Bxd4 Bd5 30. Nc3 Bxg2 31. Kxg2 f5 32. Rd1 Bxd4 33. Rxd4 Rxd4 34. exd4 Rxc5 35. dxc5 Qc4 36. Qe1 Kf7 37. Qe5 Nc6 38. Qc7+ Ne7 39. Qe5 Nc6 40. Qc7+ Ne7 41. Qe5 1/2-1/2

[Event "Satty Zhuldyz Blitz"]
[Site "chess24.com"]
[Date "2023.04.25"]
[Round "14"]
[White "Bibisara Assaubayeva"]
[Black "Vincent Keymer"]
[Result "1-0"]
[EventDate "?"]
[WhiteElo "2440"]
[BlackElo "2651"]
[PlyCount "80"]

1. c4 Nf6 2. Nc3 e5 3. Nf3 Nc6 4. e4 Bb4 5. d3 d6 6. a3 Bxc3+ 7. bxc3 h6 8. g3 Be6 9. Bg2 Qd7 10. Nh4 g5 11. Nf5 Bxf5 12. exf5 Qxf5 13. Rb1 Nd8 14. O-O O-O 15. Bxb7 Nxb7 16. Rxb7 c5 17. d4 Rab8 18. Rxb8 Rxb8 19. Be3 Qh3 20. f3 exd4 21. cxd4 Qe6 22. Qd3 d5 23. cxd5 Nxd5 24. Bf2 c4 25. Qxc4 Qf5 26. Qe2 Rb3 27. Kg2 Rxa3 28. Rc1 Rc3 29. Rxc3 Nxc3 30. Qc4 Nd5 31. Qa4 a5 32. Qe8+ Kg7 33. Qb8 h5 34. h3 h4 35. Qb3 hxg3 36. Bxg3 Kh7 37. Be5 Qe6 38. Qb1+ Qg6 39. Qb3 Qc2+ 40. Qxc2+ 1-0

[Event "Satty Zhuldyz Blitz"]
[Site "chess24.com"]
[Date "2023.04.25"]
[Round "15"]
[White "Vincent Keymer"]
[Black "Boris Gelfand"]
[Result "1/2-1/2"]
[EventDate "?"]
[WhiteElo "2651"]
[BlackElo "2601"]
[PlyCount "82"]

1. Nf3 c5 2. c4 Nc6 3. b3 Nf6 4. Bb2 d5 5. cxd5 Nxd5 6. Nc3 e5 7. e3 Nxc3 8. dxc3 Bf5 9. Nd2 e4 10. Qc2 Qe7 11. O-O-O O-O-O 12. Bb5 Qe6 13. Bxc6 Qxc6 14. f3 Bd6 15. c4 f6 16. Nxe4 Bxe4 17. fxe4 Bc7 18. Rd5 b6 19. Qe2 Qe6 20. Qf3 Rde8 21. e5 fxe5 22. Rf1 Re7 23. Qe4 Kb8 24. a4 a5 25. h3 Qg6 26. Rf5 Rhe8 27. Qg4 Qxg4 28. hxg4 e4 29. Kd2 Kc8 30. Ke2 g6 31. Rf1 Re6 32. g5 Bd8 33. Rh1 R6e7 34. Bf6 Rf7 35. Rd6 Bc7 36. Rd5 h5 37. Rhd1 Re6 38. R1d2 Re8 39. Rd1 Re6 40. Rg1 Re8 41. Rgd1 1/2-1/2

[Event "Satty Zhuldyz Blitz"]
[Site "chess24.com"]
[Date "2023.04.25"]
[Round "16"]
[White "Kateryna Lagno"]
[Black "Vincent Keymer"]
[Result "1/2-1/2"]
[EventDate "?"]
[WhiteElo "2508"]
[BlackElo "2651"]
[PlyCount "102"]

1. e4 c6 2. d4 d5 3. e5 Bf5 4. Nd2 e6 5. Nb3 c5 6. dxc5 Nc6 7. Bb5 Bxc5 8. Bxc6+ bxc6 9. Nxc5 Qa5+ 10. Bd2 Qxc5 11. b4 Qc4 12. Qe2 Qxc2 13. Rc1 Qxa2 14. Rxc6 Ne7 15. Rc7 O-O 16. Rxe7 Qa1+ 17. Qd1 Qxe5+ 18. Ne2 Qd6 19. Rb7 Qa6 20. Rc7 Bd3 21. f3 e5 22. Kf2 Qb6+ 23. Rc5 a5 24. Nc1 Bg6 25. Qb3 Rab8 26. Be3 d4 27. Bd2 axb4 28. Rxe5 d3+ 29. Be3 Qd6 30. Rd5 Qf6 31. Nxd3 Rfe8 32. Nf4 Bf5 33. Rhd1 Qh4+ 34. Kg1 Bg6 35. Nxg6 hxg6 36. Bf2 Qf6 37. h3 Re2 38. R5d2 Re6 39. Rd4 Reb6 40. Rc4 R6b7 41. Rdd4 Qe7 42. Re4 Qd6 43. Rcd4 Qf8 44. Bg3 Ra8 45. Rxb4 Qc5+ 46. Bf2 Ra1+ 47. Kh2 Rxb4 48. Qxb4 Qxf2 49. Qb8+ Kh7 50. Qf4 f6 51. Qh4+ 1/2-1/2

[Event "Satty Zhuldyz Blitz"]
[Site "chess24.com"]
[Date "2023.04.25"]
[Round "18"]
[White "Vincent Keymer"]
[Black "Levon Aronian"]
[Result "1/2-1/2"]
[EventDate "?"]
[WhiteElo "2651"]
[BlackElo "2815"]
[PlyCount "190"]

1. c4 Nf6 2. Nf3 e6 3. b3 d5 4. Bb2 c5 5. e3 Nc6 6. cxd5 exd5 7. Be2 a6 8. O-O d4 9. exd4 cxd4 10. Re1 Be7 11. Na3 b5 12. Rc1 Bb7 13. Nxb5 axb5 14. Bxb5 Rxa2 15. Bxd4 Qd5 16. Re5 Qd7 17. Qe2 Nd5 18. Qe4 Ndb4 19. Bc5 O-O 20. Rxe7 Nxe7 21. Bxd7 Bxe4 22. Bxb4 Rfa8 23. Bc3 Nd5 24. h3 Nxc3 25. dxc3 Ra1 26. Rxa1 Rxa1+ 27. Kh2 Bxf3 28. gxf3 Rc1 29. c4 Rc3 30. Ba4 Rxf3 31. c5 Kf8 32. Kg2 Rc3 33. b4 Rc4 34. c6 Ke7 35. Bb3 Rxb4 36. c7 Kd7 37. Bxf7 Kxc7 38. Bg8 h6 39. Kg3 g5 40. f3 Kd6 41. Bh7 Ke5 42. Be4 Kf6 43. Kg4 Rb2 44. f4 Rb4 45. fxg5+ hxg5 46. Kf3 Ke5 47. Bc6 Rb3+ 48. Kg4 Kf6 49. Bd5 Rb1 50. Kg3 Rg1+ 51. Kf3 Rd1 52. Bb7 Rd4 53. Kg3 Rc4 54. Bd5 Rc5 55. Be4 Ke5 56. Bh7 Rc4 57. Bb1 Rd4 58. Bc2 Rb4 59. Bh7 Rh4 60. Bb1 Kd4 61. Bf5 Ke3 62. Bg4 Ke4 63. Bd1 Rh6 64. Kg4 Ke5 65. Kxg5 Rxh3 66. Kg6 Rd3 67. Ba4 Rd6+ 68. Kg7 Kf5 69. Bb3 Rd7+ 70. Kh8 Kg6 71. Bg8 Kf6 72. Bb3 Rb7 73. Ba2 Rb8+ 74. Kh7 Rb2 75. Bc4 Rh2+ 76. Kg8 Rh5 77. Ba2 Rg5+ 78. Kh8 Kg6 79. Bb1+ Kf7 80. Ba2+ Kf8 81. Kh7 Ra5 82. Bb3 Ra6 83. Bc4 Rc6 84. Bb3 Rf6 85. Bc4 Rf4 86. Bb3 Rg4 87. Be6 Rg1 88. Bb3 Ke7 89. Ba2 Kf6 90. Kh8 Rg7 91. Bb3 Kg6 92. Bc2+ Kh6 93. Bb3 Rb7 94. Bc4 Rb8+ 95. Bg8 Kg6 1/2-1/2

[Event "Satty Zhuldyz Blitz"]
[Site "chess24.com"]
[Date "2023.04.25"]
[Round "20"]
[White "Vincent Keymer"]
[Black "Haik M Martirosyan"]
[Result "1-0"]
[EventDate "?"]
[WhiteElo "2651"]
[BlackElo "2770"]
[PlyCount "112"]

1. c4 e5 2. d3 Nf6 3. Nf3 Bb4+ 4. Bd2 Bxd2+ 5. Qxd2 d6 6. e3 O-O 7. Be2 Re8 8. O-O c6 9. Nc3 Nbd7 10. Rac1 Nf8 11. b4 Ng6 12. b5 a6 13. bxc6 bxc6 14. Na4 d5 15. c5 Bg4 16. Rb1 Nd7 17. h3 Bf5 18. Rb7 Rb8 19. Rfb1 Rxb7 20. Rxb7 h6 21. d4 e4 22. Nh2 a5 23. Nb6 Nf6 24. Qxa5 Nh4 25. Ra7 Kh7 26. Na4 Qc8 27. Qc7 Qxc7 28. Rxc7 Ra8 29. Bd1 Bd7 30. Bb3 Be8 31. Nb6 Ra5 32. Rc8 h5 33. Kf1 Ng6 34. Ke1 Ne7 35. Ra8 Rxa8 36. Nxa8 Nc8 37. Nb6 Na7 38. Kd2 g5 39. Kc3 Kg6 40. Kb4 g4 41. hxg4 hxg4 42. Nf1 Nb5 43. a4 Nc7 44. Ka5 Nh7 45. Nc8 Nf8 46. Kb6 Nfe6 47. a5 f5 48. g3 Kf6 49. Nd2 Bd7 50. Nd6 f4 51. gxf4 Ke7 52. a6 Kd8 53. a7 Nxd4 54. exd4 e3 55. fxe3 g3 56. Nf3 1-0

[Event "Satty Zhuldyz Blitz"]
[Site "chess24.com"]
[Date "2023.04.25"]
[Round "21"]
[White "Javokhir Sindarov"]
[Black "Vincent Keymer"]
[Result "1-0"]
[EventDate "?"]
[WhiteElo "2591"]
[BlackElo "2651"]
[PlyCount "96"]

1. e4 c6 2. d4 d5 3. f3 Qb6 4. Nc3 dxe4 5. fxe4 e5 6. dxe5 Be6 7. Nf3 Nd7 8. Bd3 Ne7 9. Qe2 Ng6 10. Ng5 Ndxe5 11. Nxe6 fxe6 12. Bc4 Nxc4 13. Qxc4 O-O-O 14. Ke2 Bd6 15. Be3 Nf4+ 16. Kf3 Qc7 17. g3 Ng6 18. Kg2 Kb8 19. Rad1 Rhe8 20. Rhf1 Qa5 21. Qa4 Qxa4 22. Nxa4 b6 23. b3 Ne5 24. Nc3 Bc7 25. Ne2 Kb7 26. h3 a5 27. Nf4 b5 28. Nh5 Rxd1 29. Rxd1 Re7 30. g4 Ng6 31. Rf1 Rd7 32. Kf3 Bb6 33. Ke2 Bc7 34. Rd1 Rxd1 35. Kxd1 Be5 36. Ke2 Nf8 37. Kd3 Nd7 38. Nf4 Nc5+ 39. Bxc5 Bxf4 40. a4 g6 41. Kd4 Bh2 42. Be7 Ka6 43. Kc5 bxa4 44. bxa4 Kb7 45. Bd8 Bg1+ 46. Kd6 Bh2+ 47. Kxe6 c5 48. c4 1-0

[Event "Satty Zhuldyz Blitz"]
[Site "chess24.com"]
[Date "2023.04.25"]
[Round "22"]
[White "Vincent Keymer"]
[Black "Yifan Hou"]
[Result "1-0"]
[EventDate "?"]
[WhiteElo "2651"]
[BlackElo "2601"]
[PlyCount "122"]

1. Nf3 c5 2. c4 b6 3. g3 Bb7 4. Bg2 Nf6 5. O-O e6 6. d4 cxd4 7. Qxd4 Be7 8. Nc3 d6 9. Rd1 a6 10. Bg5 Nbd7 11. Qd2 O-O 12. Bf4 Ne8 13. Rac1 Rc8 14. b3 h6 15. e4 Qc7 16. h3 Ne5 17. Nxe5 dxe5 18. Be3 Nf6 19. Qe2 Bc6 20. Nd5 exd5 21. cxd5 Bb5 22. Rxc7 Bxe2 23. Rdc1 Rxc7 24. Rxc7 Bd8 25. Rb7 a5 26. f3 Ba6 27. Ra7 Bb5 28. Kf2 Re8 29. h4 Bd7 30. Bf1 b5 31. g4 g5 32. hxg5 hxg5 33. Rb7 Bc8 34. Rxb5 Ba6 35. Rb8 Bxf1 36. Kxf1 Be7 37. Rb5 Bb4 38. Bxg5 Kg7 39. Rb6 Nd7 40. Bh6+ Kh7 41. Rc6 Rb8 42. Be3 Rb7 43. Ke2 Kg7 44. Kd3 Kf8 45. Bg5 Kg7 46. Kc4 f6 47. Bc1 Kf7 48. a3 Be1 49. Be3 Ke7 50. Ra6 Rc7+ 51. Rc6 Rb7 52. g5 Bh4 53. gxf6+ Bxf6 54. Bd2 Ra7 55. a4 Bh4 56. b4 axb4 57. Bxb4+ Kd8 58. a5 Be7 59. Bc3 Rc7 60. a6 Nb8 61. Rxc7 1-0

[Event "Satty Zhuldyz Blitz"]
[Site "chess24.com"]
[Date "2023.04.24"]
[Round "9"]
[White "Haik M Martirosyan"]
[Black "Vincent Keymer"]
[Result "1-0"]
[EventDate "?"]
[WhiteElo "2770"]
[BlackElo "2651"]
[PlyCount "84"]

1. d4 Nf6 2. Bg5 d5 3. e3 c5 4. c3 Nc6 5. Nf3 Qb6 6. Qb3 c4 7. Qc2 Ne4 8. Bf4 Bf5 9. Qc1 e6 10. Be2 Be7 11. h3 O-O 12. Nbd2 Qd8 13. O-O b5 14. Nxe4 Bxe4 15. Nd2 Bg6 16. Bf3 Bd3 17. Re1 f5 18. Be2 Bxe2 19. Rxe2 Qb6 20. Qc2 b4 21. Ree1 Rac8 22. f3 Bf6 23. Kh1 e5 24. Bh2 e4 25. Rf1 Bg5 26. Rae1 Rce8 27. Qa4 h6 28. Bd6 Rf6 29. Bc5 Qc7 30. cxb4 exf3 31. Nxf3 Bxe3 32. b5 Nb8 33. b6 Qd7 34. Qxa7 f4 35. b4 Qf5 36. Qc7 Rg6 37. Nh4 Qh5 38. Nxg6 Qxg6 39. Rxf4 Kh7 40. Rg4 Qf6 41. Qg3 Bf2 42. Rxg7+ 1-0

[Event "Satty Zhuldyz Blitz"]
[Site "chess24.com"]
[Date "2023.04.24"]
[Round "10"]
[White "Vincent Keymer"]
[Black "Javokhir Sindarov"]
[Result "0-1"]
[EventDate "?"]
[WhiteElo "2651"]
[BlackElo "2591"]
[PlyCount "36"]

1. d4 Nf6 2. Nf3 g6 3. Nbd2 Bg7 4. e4 O-O 5. Bd3 d6 6. O-O Nc6 7. Re1 Nh5 8. c3 e5 9. dxe5 Nxe5 10. Nxe5 dxe5 11. Bf1 Qe7 12. Nc4 Rd8 13. Qf3 Be6 14. b3 a5 15. a4 b6 16. g3 Qe8 17. Ba3 Nxg3 18. hxg3 Qe7 0-1

[Event "Satty Zhuldyz Blitz"]
[Site "chess24.com"]
[Date "2023.04.24"]
[Round "11"]
[White "Yifan Hou"]
[Black "Vincent Keymer"]
[Result "0-1"]
[EventDate "?"]
[WhiteElo "2601"]
[BlackElo "2651"]
[PlyCount "96"]

1. e4 e5 2. Nf3 Nc6 3. Bb5 a6 4. Ba4 Nf6 5. d3 Bc5 6. c3 d6 7. O-O b5 8. Bc2 O-O 9. h3 h6 10. Be3 Bxe3 11. fxe3 Ne7 12. Nh4 Ng6 13. Nf5 d5 14. exd5 Nxd5 15. Qe2 Qg5 16. Bb3 Bxf5 17. Bxd5 Rad8 18. c4 c6 19. Be4 Bxh3 20. Nc3 Bd7 21. d4 exd4 22. exd4 Rde8 23. cxb5 axb5 24. Qd3 Nh4 25. d5 c5 26. d6 c4 27. Qd5 Re5 28. Qb7 Bh3 29. Kh2 b4 30. Nd5 Rxe4 31. Ne7+ Kh8 32. Qxe4 Bxg2 33. Qf4 Bxf1 34. Qxg5 hxg5 35. Rxf1 Rd8 36. Rd1 c3 37. bxc3 bxc3 38. a4 f5 39. a5 c2 40. Rc1 Rxd6 41. Rxc2 Re6 42. Nc6 Nf3+ 43. Kg3 Ne5 44. Nxe5 Rxe5 45. Rd2 Re3+ 46. Kf2 Re7 47. a6 Ra7 48. Ra2 0-1